| 000 | 02888cam a22003251i 4500 | ||
|---|---|---|---|
| 003 | SA-RiAUC | ||
| 005 | 20250210081103.0 | ||
| 008 | 250208s1986 le g b 00000 ara c | ||
| 020 | _a2721480065 | ||
| 040 |
_aSA-RiAUC _bara _cSA-RiAUC _erda |
||
| 082 | 0 | 4 |
_a189.17 _qSA-RiAUC |
| 090 |
_a189.17 _bا ب ن ط |
||
| 100 | 1 |
_aابن الطفيل، محمد بن عبد الملك بن محمد، _d494-581 هجري _eمؤلف. |
|
| 245 | 1 | 0 |
_aحي بن يقظان / _cأبو بكر بن طفيل ؛ قدم له وعلق عليه ألبير نصري نادر. |
| 250 | _aالطبعة الثالثة. | ||
| 264 | 1 |
_aبيروت : _bدار المشرق، _c1986 |
|
| 300 |
_a98 صفحة ؛ _c24 سم |
||
| 336 |
_aنص _btxt _2rdacontent _3كتاب |
||
| 337 |
_aبدون وسيط _bn _2rdamedia |
||
| 338 |
_aمجلد _bnc _2rdacarrier |
||
| 500 | _aيشتمل على ببليوجرافية. | ||
| 600 | 0 | 7 |
_aحي بن يقظان _c(شخصية أسطورية) _2aucnm |
| 650 | 7 |
_aالفلسفة الإسلامية _2aucsh |
|
| 700 | 1 |
_aنادر، ألبير نصري _eمقدم. |
|
| 856 |
_uhttps://www.hindawi.org/books/90463596/ _yExternal Link _2 نرجو الانتباه لإمكانية وجود اختلاف في الطبعة أو الناشر بين البيانات على البوابة وما ستجده على الكتاب نظرا لمحدودية المعلومات المتاحة على الموقع الناشر للمادة. _3Please note that there may be a difference in the edition or publisher between the data on the portal and the book due to the limited information available on the publisher website for the material. |
||
| 856 |
_uhttps://s3.amazonaws.com/images.hindawi.org/kalimat/covers/svg/270x360/90463596.svg _yCoverImage _2 نرجو الانتباه لإمكانية وجود اختلاف في الطبعة أو الناشر بين البيانات على البوابة وما ستجده على الكتاب نظرا لمحدودية المعلومات المتاحة على الموقع الناشر للمادة. _3Please note that there may be a difference in the edition or publisher between the data on the portal and the book due to the limited information available on the publisher website for the material. |
||
| 856 |
_uhttps://www.hindawi.org/books/90463596.pdf _yDigital Copy _2 نرجو الانتباه لإمكانية وجود اختلاف في الطبعة أو الناشر بين البيانات على البوابة وما ستجده على الكتاب نظرا لمحدودية المعلومات المتاحة على الموقع الناشر للمادة. _3Please note that there may be a difference in the edition or publisher between the data on the portal and the book due to the limited information available on the publisher website for the material. |
||
| 942 |
_2ddc _cBOOK _n0 |
||
| 949 |
_aSA-JeALM _d250208 _uosman123 _n1 |
||
| 999 |
_c5790 _d5790 |
||